000 01064namaa2200337 i 4500
003 EG-GICUC
005 20251209131008.0
008 251201s2007 enkb|||gr|||| 001 0 eng d
020 _a0745324371
_qpbk.
020 _a9780745324371
_qpbk.
020 _a074532438X
_qhbk.
020 _a9780745324388
_qhbk.
040 _aEG-GiCUC
_beng
_cEG-GiCUC
_dEG-GiCUC
_erda
043 _aa-le---
082 0 4 _221
_a956.92034
_bT176
092 0 4 _221
_a956.92034
_bT176
099 _a956.92034 T176
100 1 _aṬarābulsī, Fawwāz
_eAuthor.
245 1 2 _aA history of modern Lebanon /
_cFawwaz Traboulsi.
264 _aLondon ;
_bPluto Press,
_c2007.
300 _axi, 306 pages :
_bmaps ;
_c23 cm.
336 _2rdacontent
_atext
337 _2rdamedia
_aUnmediated
338 _2rdacarrier
_avolume
504 _aIncludes bibliographical references (p. 277-287) and index (289-306)
541 _aDr. Jabir Usfour ;
_bCairo ;
_cGift ;
_d2024.
650 1 _2qrmak
651 1 _2qrmak
_aLebanon
_xHistory
_y1516-
905 _aAsmaa
942 _2ddc
_cBK
_e21
_n0
999 _c176378
_d176378